Les 12 clubs fondateurs de la Premier League. - Statistiques

Statistiques générales
  • Ce quiz a été pris 72 fois
  • Le résultat moyen est 3 sur 12
Statistiques - réponses
Année de fondation du club Club % Correct
1878 Everton FC
80%
1874 Aston Villa
62%
1877 Wolverhampton Wanderers
32%
1881 Burnley FC
29%
1884 Derby County
23%
1881 Preston North End
18%
1879 West Bromwich Albion
18%
1874 Blackburn Rovers
15%
1862 Notts County
9%
1863 Stoke City FC
5%
1874 Bolton Wanderers
3%
1876 Accrington FC
2%
Aucun quiz correspondant
Distribution des résultats
% des personnes avec chaque résultat
Percentile par nombre de réponses
Votre historique - résultats
Vous n’avez pas pris ce quiz